| 000 | 00806nam a2200205Ii 4500 | ||
|---|---|---|---|
| 003 | JO-AjNU | ||
| 008 | 230605s9999||||xx |||||||||||||| ||und|| | ||
| 040 |
_aJO-AjNU _bara _erda _cJO-AjNU |
||
| 041 | _aara | ||
| 050 | 1 | 4 | _aKPF.S2278.1981 |
| 100 | 3 |
_aالسعيد، كامل , _eauthor _946494 |
|
| 245 | 0 | 0 | _aالأحكام العامة للجريمة في قانون العقوبات الاردني " دراسة تحليلية مقارنة " |
| 250 | _aط1 | ||
| 264 | 3 | 1 | _aعمان : نقابة المحامين الاردنيين ، 1981 |
| 300 | _a264ص | ||
| 336 |
_atext _btxt _2rdacontent |
||
| 337 |
_aunmediated _bn _2rdamedia |
||
| 338 |
_avolume _bnc _2rdacarrier |
||
| 650 | 4 |
_aالقانون الجنائي -- الجريمة والمجرمون -- العقوبات -- الاردن _946495 |
|
| 999 |
_aA20231 _c23799 _d23799 |
||